| 000 | 00893cam a22003017a 4500 | ||
|---|---|---|---|
| 003 | CHAP | ||
| 005 | 20220329140145.0 | ||
| 008 | 971013s1942 r 00010 d | ||
| 010 | _a47827 | ||
| 011 | _a48799 | ||
| 035 | _a52946 | ||
| 040 | _cCHAP | ||
| 090 | _aTesis | ||
| 100 | 0 | 0 |
_aSalgado Gómez, Genaro. _9101586 |
| 245 | 1 | 3 | _aLa explotación del árbol de la pimienta en México |
| 260 |
_aChapingo, Méx. : _bEl autor, _c1942 |
||
| 300 | _a36 p. | ||
| 502 | _aTesis (Ing. Agr. esp. en Bosques) --ENA | ||
| 590 |
_aALEPH _b10 _c20130110 _lUCH01 _h1318 |
||
| 590 |
_aBATCH-UPD _b10 _c20130110 _lUCH01 _h2255 |
||
| 590 |
_aBATCH-UPD _b10 _c20130410 _lUCH01 _h1548 |
||
| 590 |
_aBATCH-UPD _b10 _c20130914 _lUCH01 _h1913 |
||
| 590 |
_aCONVERSION _b10 _c20130109 _lUCH01 _h1326 |
||
| 650 | 1 | 4 |
_aPimienta. _988105 |
| 901 | _aBK | ||
| 942 | _cTESIS | ||
| 949 |
_bBC _cTES _d-117664 _eTS1 _i52946 _si |
||
| 999 |
_c47827 _d47827 |
||